Name the Popes, in Order - Statistics

General Stats
  • This quiz has been taken 91 times
  • The average score is 44 of 266
Answer Stats
Year # Name % Correct
33 Peter
100%
64 Linus
75%
88 Clement
63%
105 Alexander
56%
76 Anacletus
56%
97 Evaristus
56%
136 Hyginus
56%
140 Pius
56%
125 Telesphorus
56%
155 Anicetus
50%
115 Sixtus
50%
166 Soter
50%
2005 XVI Benedict
44%
2013 Francis
44%
1978 I John Paul
44%
1978 II John Paul
44%
1914 XV Benedict
38%
1878 XIII Leo
38%
174 Eleuterus
31%
1958 XXIII John
31%
1963 VI Paul
31%
1846 IX Pius
31%
1903 X Pius
31%
1922 XI Pius
31%
1939 XII PIus
31%
483 III Felix
25%
1003 XVII John
25%
1003 XVIII John
25%
1024 XIX John
25%
1316 XXII John
25%
1823 XII Leo
25%
257 II Sixtus
25%
432 III Sixtus
25%
189 Victor
25%
199 Zephyrinus
25%
399 Anastasius
19%
496 II Anastasius
19%
235 Anterus
19%
1724 XIII Benedict
19%
1740 XIV Benedict
19%
418 Boniface
19%
283 Caius
19%
217 Callixtus
19%
422 Celestine
19%
251 Cornelius
19%
366 Damasus
19%
259 Dionysius
19%
309 Eusebius
19%
275 Eutychian
19%
236 Fabian
19%
269 Felix
19%
526 IV Felix
19%
492 Gelasius
19%
1831 XVI Gregory
19%
401 Innocent
19%
533 II John
19%
561 III John
19%
640 IV John
19%
685 V John
19%
701 VI John
19%
705 VII John
19%
898 IX John
19%
914 X John
19%
931 XI John
19%
955 XII John
19%
965 XIII John
19%
983 XIV John
19%
985 XV John
19%
337 Julius
19%
440 Leo
19%
352 Liberius
19%
253 Lucius
19%
296 Marcellinus
19%
308 Marcellus
19%
336 Mark
19%
311 Miltiades
19%
1775 VI Pius
19%
1800 VII Pius
19%
1829 VIII Pius
19%
230 Pontian
19%
1009 IV Sergius
19%
468 Simplicius
19%
384 Siricius
19%
254 Stephen
19%
314 Sylvester
19%
999 II Sylvester
19%
222 Urban
19%
417 Zosimus
19%
615 Adeodatus
13%
672 II Adeodatus
13%
772 Adrian
13%
867 II Adrian
13%
884 III Adrian
13%
1154 IV Adrian
13%
1522 VI Adrian
13%
535 Agapetus
13%
946 II Agapetus
13%
678 Agatho
13%
1061 II Alexander
13%
1159 III Alexander
13%
1655 VII Alexander
13%
1689 VIII Alexander
13%
911 III Anastasius
13%
1153 IV Anastasius
13%
575 Benedict
13%
684 II Benedict
13%
855 III Benedict
13%
900 IV Benedict
13%
973 VI Benedict
13%
974 VII Benedict
13%
1012 VIII Benedict
13%
1032 IX Benedict
13%
1045 IX Benedict
13%
1047 IX Benedict
13%
530 II Boniface
13%
607 III Boniface
13%
608 IV Boniface
13%
619 V Boniface
13%
896 VI Boniface
13%
1119 II Callixtus
13%
1455 III Callixtus
13%
1143 II Celestine
13%
1191 III Celestine
13%
1241 IV Celestine
13%
1294 V Celestine
13%
1046 II Clement
13%
1187 III Clement
13%
1592 VIII Clement
13%
1667 IX Clement
13%
1670 X Clement
13%
1700 XI Clement
13%
1730 XII Clement
13%
1758 XIII Clement
13%
1769 XIV Clement
13%
686 Conon
13%
708 Constantine
13%
1048 II Damasus
13%
676 Donus
13%
654 Eugene
13%
824 II Eugene
13%
1145 III Eugene
13%
1431 IV Eugene
13%
891 Formosus
13%
1118 II Gelasius
13%
590 Gregory
13%
715 II Gregory
13%
731 III Gregory
13%
827 IV Gregory
13%
996 V Gregory
13%
1045 VI Gregory
13%
1073 VII Gregory
13%
1187 VIII Gregory
13%
1227 IX Gregory
13%
1572 XIII Gregory
13%
1590 XIV Gregory
13%
1621 XV Gregory
13%
461 Hilarius
13%
625 Honorius
13%
1124 II Honorius
13%
1216 III Honorius
13%
514 Hormisdas
13%
1130 II Innocent
13%
1198 III Innocent
13%
1591 IX Innocent
13%
1644 X Innocent
13%
1676 XI Innocent
13%
1691 XII Innocent
13%
1721 XIII Innocent
13%
523 John
13%
872 VIII John
13%
1276 XXI John
13%
913 Lando
13%
682 II Leo
13%
847 IV Leo
13%
903 V Leo
13%
928 VI Leo
13%
936 VII Leo
13%
964 VIII Leo
13%
1049 IX Leo
13%
1513 X Leo
13%
1605 XI Leo
13%
1144 II Lucius
13%
1181 III Lucius
13%
1555 II Marcellus
13%
882 Marinus
13%
942 II Marinus
13%
649 Martin
13%
1417 V Martin
13%
858 Nicholas
13%
1058 II Nicholas
13%
1447 V Nicholas
13%
817 Paschal
13%
1099 II Paschal
13%
757 Paul
13%
1555 IV Paul
13%
1605 V Paul
13%
556 Pelagius
13%
579 II Pelagius
13%
1559 IV Pius
13%
1566 V Pius
13%
897 Romanus
13%
604 Sabinian
13%
687 Sergius
13%
844 II Sergius
13%
904 III Sergius
13%
638 Severinus
13%
536 Silverius
13%
708 Sisinnius
13%
1585 V Sixtus
13%
752 II Stephen
13%
767 III Stephen
13%
816 IV Stephen
13%
885 V Stephen
13%
896 VI Stephen
13%
929 VII Stephen
13%
939 VIII Stephen
13%
1057 IX Stephen
13%
1045 III Sylvester
13%
498 Symmachus
13%
642 Theodore
13%
897 II Theodore
13%
1088 II Urban
13%
1185 III Urban
13%
1590 VII Urban
13%
1623 VIII Urban
13%
827 Valentine
13%
1055 II Victor
13%
1086 III Victor
13%
537 Vigilius
13%
657 Vitalian
13%
741 Zachary
13%
1276 V Adrian
6%
1254 IV Alexander
6%
1492 VI Alexander
6%
964 V Benedict
6%
1303 Xi Benedict
6%
1334 XII Benedict
6%
1294 VIII Boniface
6%
1389 XI Boniface
6%
1265 IV Clement
6%
1305 V Clement
6%
1342 VI Clement
6%
1523 VII Clement
6%
1271 X Gregory
6%
1370 XI Gregory
6%
1406 XII Gregory
6%
1285 IV Honorius
6%
1243 IV Innocent
6%
1276 V Innocent
6%
1352 VI Innocent
6%
1404 VII Innocent
6%
1484 VIII Innocent
6%
1513 II Julius
6%
1550 III Julius
6%
1281 IV Martin
6%
1277 III Nicholas
6%
1288 IV Nicholas
6%
1464 II Paul
6%
1534 III Paul
6%
1458 II Pius
6%
1503 III Pius
6%
1471 IV Sixtus
6%
795 III Stephen
6%
1261 IV Urban
6%
1362 V Urban
6%
1378 VI Urban
6%
No matching quizzes found
Score Distribution
Percent of People with Each Score
Percentile by Number Answered
Your Score History
You have not taken this quiz